Préfectures de France : Arras - Statistiques

Statistiques générales
  • Ce quiz a été pris 60 fois
  • Le résultat moyen est 15 sur 31
Statistiques - réponses
Question Réponse % Correct
Quel numéro porte celui-ci ? 62
100%
De quel département est-ce la préfecture ? Pas-de-Calais
100%
La ville appartient à l'académie de/d' Lille
96%
Comment se nomment ses habitants ? Arrageois
90%
Quelles sont les sous-préfectures qui en dépendent ? Lens
77%
Quelles sont les sous-préfectures qui en dépendent ? Calais
67%
Le journal local est La Voix du Nord
67%
Comme de nombreuses villes de la région, elle est dominée par une tour appelée beffroi
65%
La couleur du fond du blason est le/la/l' rouge
65%
A quelle région administrative appartient la ville depuis 2015 ? Haut-de-France
63%
La ville appartient au diocèse de/d' Arras
60%
Les communes limitrophes dont le nom contient la séquence AIN sont Sainte-Catherine
60%
Les communes limitrophes dont le nom contient la séquence AIN sont Saint-Nicolas
60%
Quelles sont les sous-préfectures qui en dépendent ? Saint-Omer
60%
Quelles sont les sous-préfectures qui en dépendent ? Béthune
58%
La ville a une spécialité de cette charcuterie Andouillette
54%
Quelles sont les sous-préfectures qui en dépendent ? Boulogne-sur-Mer
54%
Les communes limitrophes dont le nom contient la séquence AIN sont Dainville
54%
Les communes limitrophes dont le nom contient la séquence AIN sont Beaurains
52%
Les communes limitrophes dont le nom contient la séquence AIN sont Saint-Laurent-Blangy
48%
Célèbre révolutionnaire, il est né dans cette ville en 1758 (prénom et nom) Maximilien de Robespierre
42%
Les communes limitrophes dont le nom contient la séquence AIN sont Anzin-Saint-Aubin
35%
Le seul cours d'eau du territoire communal est le/la Crinchon
29%
Quelles sont les sous-préfectures qui en dépendent ? Montreuil-sur-Mer
23%
Les communes limitrophes dont le nom contient la séquence AIN sont Tilloy-lès-Mofflaines
19%
Le peuple celte installé dans la région est celui des Atrébates
15%
Le 1er évêque d'Arras est Vaast
10%
Ancien bagnard devenu chef de la police, il est né à Arras en 1775 François Vidocq
6%
Ces envahisseurs détruisent la ville en 406-407 Germains
6%
C'est après ce traité de 1659 que la ville devient définitivement française Pyrénées
2%
Vers 50 avant JC la ville se nomme Nemetocenna
0%
Aucun quiz correspondant
Distribution des résultats
% des personnes avec chaque résultat
Percentile par nombre de réponses
Votre historique - résultats
Vous n’avez pas pris ce quiz